Thống nhất nhận thức và có bước đi phù hợp trong đổi mới thể chế kinh tế /
Sparad:
| Huvudupphovsman: | |
|---|---|
| Materialtyp: | Artikel |
| Språk: | Vietnamese |
| Ämnen: | |
| Taggar: |
Lägg till en tagg
Inga taggar, Lägg till första taggen!
|
| Thư viện lưu trữ: | Thư viện Trường Đại học Đà Lạt |
|---|
| LEADER | 00889nam a2200277 4500 | ||
|---|---|---|---|
| 001 | DLU180183834 | ||
| 005 | ##20180307 | ||
| 040 | # | # | |a DLU |b vie |
| 041 | # | # | |a vie |
| 044 | # | # | |a vn |
| 100 | # | # | |a Trần Du Lịch. |
| 245 | # | # | |a Thống nhất nhận thức và có bước đi phù hợp trong đổi mới thể chế kinh tế / |c Trần Du Lịch. |
| 653 | # | # | |a Định hướng Xã hội chủ nghĩa |
| 653 | # | # | |a Cải cách hành chính |
| 653 | # | # | |a Cơ chế thị trường |
| 653 | # | # | |a Tài chính công |
| 653 | # | # | |a Thể chế kinh tế |
| 773 | # | # | |t Tạp chí Lý luận Chính trị |g Số 6, 2014, tr. 14-19 |
| 920 | # | # | |a Phòng Tạp chí --Trung tâm Thông tin - Thư viện Trường Đại học Đà Lạt |
| 900 | # | # | |a True |
| 911 | # | # | |a Lê Thị Hồng |
| 925 | # | # | |a G |
| 926 | # | # | |a A |
| 927 | # | # | |a BB |
| 980 | # | # | |a Thư viện Trường Đại học Đà Lạt |